Top 15 most populated cities in Spain - Statistics

General Stats
  • This quiz has been taken 36 times
    27 since last reset
  • The average score is 11 of 15
Answer Stats
Answer % Correct
Barcelona
100%
Madrid
100%
Seville
96%
Valencia
96%
Bilbao
89%
Málaga
78%
Alicante
67%
Murcia
67%
Zaragoza
59%
Las Palmas
56%
Valladolid
56%
Vigo
56%
Córdoba
52%
Palma
52%
Gijón
48%
No matching quizzes found
Score Distribution
Percent of People with Each Score
Percentile by Number Answered
Your Score History
You have not taken this quiz since the last reset